| 000 | 00438nam a22001577a 4500 | ||
|---|---|---|---|
| 005 | 20250201202627.0 | ||
| 008 | 250201b |||||||| |||| 00| 0 eng d | ||
| 020 | _a8180610748 | ||
| 050 | _aRC86.8 MOG | ||
| 100 | _aMogli, GD | ||
| 245 |
_aParamedics 6-in-1 Handbook/ _cGD Mogli |
||
| 250 | _a1st ed. | ||
| 260 |
_aNew Delhi _bJaypee Brothers Medical Publishers _c2003,2005 |
||
| 300 |
_a409p. _bill. _c23.5cm |
||
| 942 |
_2lcc _cBK _e1st ed. _n0 |
||
| 999 |
_c3369 _d3369 |
||